01462nam a2200373Ia 4500001001200000003000800012006001900020007001500039008004100054010001700095020001500112020001500127020001800142020001800160040002100178035002100199050002300220100002100243245016200264250001300426260006200439300002400501504006400525533015200589650004700741651004300788655002900831700001900860700002500879700002400904710001700928856012600945999001701071ebr10628098CaPaEBRm u cr cn|||||||||101216s2011 dcua sb 001 0 eng d z 2010052625 z1933286601 z193328661X z9781933286600 z9781933286617 aCaPaEBRcCaPaEBR a(OCoLC)82260397514aHC60b.B524 2011eb1 aBirdsall, Nancy.10aCash on deliveryh[electronic resource] :ba new approach to foreign aid /cNancy Birdsall and William D. Savedoff ; with Ayah Mahgoub and Katherine Vyborny. aRev. ed. aWashington, D.C. :bCenter for Global Development,c2011. axii, 136 p. :bill. aIncludes bibliographical references (p. 105-110) and index. aElectronic reproduction.bPalo Alto, Calif. :cebrary,d2011.nAvailable via World Wide Web.nAccess may be limited to ebrary affiliated libraries. 0aEconomic assistancezDeveloping countries. 0aDeveloping countriesxEconomic policy. 7aElectronic books.2local1 aMahgoub, Ayah.1 aSavedoff, William D.1 aVyborny, Katherine.2 aebrary, Inc.40uhttp://site.ebrary.com/lib/rucke/Doc?id=10628098zAn electronic book accessible through the World Wide Web; click to view c49916d49916